LEADER 01317nam a2200277 i 4500 001 991002500809707536 005 20020508201303.0 008 960712s1965 it ||| | ita 035 $ab11018859-39ule_inst 035 $aPARLA163832$9ExL 040 $aDip. Scienze Storiche$bita 100 1 $aChurchill, Winston S. $0134643 245 10$aDa Teheran a Yalta :$bverbali delle conferenze dei capi di governo della Gran Bretagna, degli Stati Uniti e dell'Unione Sovietica durante la seconda guerra mondiale /$cChurchill ; Rooosevelt ; Stalin ; prefazione di Ernesto Ragionieri 260 $aRoma :$bEditori riuniti,$c1965 300 $axliii, 341 p. ;$c22 cm. 490 0 $aOrientamenti ;$v2 700 1 $aRoosevelt, Franklin Delano 700 1 $aStalin, Iosif Vissarionovi? 740 0 $aDokumentary tegheranskoi i konferentsii rukovoditelei trioch velikich dergiav 907 $a.b11018859$b23-02-17$c28-06-02 912 $a991002500809707536 945 $aLE009 Stor. 890-169$g1$i2009000005549$lle009$o-$pE0.00$q-$rn$so $t0$u2$v1$w2$x0$y.i11137915$z28-06-02 945 $aLE012 940 CHU 01.01$g1$i2007000274088$lle012$og$pE10.00$q-$rl$s- $t0$u0$v0$w0$x0$y.i15778885$z31-08-16 996 $aDa Teheran a Yalta$9862231 997 $aUNISALENTO 998 $ale009$ale012$b01-01-96$cm$da $e-$fita$git $h0$i1 LEADER 01404nas 2200457- 450 001 9910310650003321 005 20230505213019.0 011 $a2549-5747 035 $a(OCoLC)1117854308 035 $a(CKB)4100000007654830 035 $a(CONSER)--2020256232 035 $a(EXLCZ)994100000007654830 100 $a20190322a20139999 --- - 101 0 $aind 135 $aur||||||||||| 181 $2rdacontent 182 $cc$2rdamedia 183 $acr$2rdacarrier 200 00$aJurnal sylva lestari 210 1$aLumpung, Indonesia :$cJurusan Kehutanan, Fakultas Pertanian, Universitas Lampung,$d2013- 215 $a1 online resource 300 $aRefereed/Peer-reviewed 311 08$a2339-0913 517 1 $aJournal of sustainable forest 517 1 $aJSL 531 0 $aJ. Sylva Lestari 606 $aSustainable forestry$vPeriodicals 606 $aForest management$vPeriodicals 606 $aForest management$2fast$3(OCoLC)fst00932231 606 $aSustainable forestry$2fast$3(OCoLC)fst01139767 608 $aPeriodicals.$2fast 608 $aPeriodicals.$2lcgft 615 0$aSustainable forestry 615 0$aForest management 615 7$aForest management. 615 7$aSustainable forestry. 712 02$aUniversitas Lampung.$bJurusan Kehutanan, 906 $aJOURNAL 912 $a9910310650003321 996 $aJurnal sylva lestari$92211879 997 $aUNINA LEADER 03760oam 22005293 450 001 9910583356903321 005 20250204110448.0 010 $a0-12-809842-2 010 $a0-12-809841-4 035 $a(CKB)4100000000646805 035 $a(MiFhGG)9780128098424 035 $a(FRCYB88849511)88849511 035 $a(BIP)55712151 035 $a(FR-PaCSA)88849511 035 $a(MiAaPQ)EBC5085057 035 $a(EXLCZ)994100000000646805 100 $a20210525d2017 uy 0 101 0 $aeng 135 $aurcnu|||||||| 181 $ctxt$2rdacontent 182 $cc$2rdamedia 183 $acr$2rdacarrier 200 10$aFundamentals of Toxicologic Pathology 205 $a3rd ed. 210 1$aSaint Louis :$cElsevier Science & Technology,$d2017. 210 4$dİ2018. 215 $a1 online resource (885 pages) 327 $aPreface -- 1. An Overview of Toxicologic Pathology -- 2. Biochemical and Molecular Basis of Toxicity -- 3. Pharmacokinetics and Toxicokinetics -- 4. Principles of Pharmacodynamics and Toxicodynamics -- 5. Morphologic Manifestations of Toxic Cell Injury -- 6. Carcinogenesis: Manifestation and Mechanisms -- 7. Design of Studies and Risk Management in Toxicologic Pathology: Addressing Risks in Product Discovery and Development -- 8. Liver and Gall Bladder -- 9. Cardiovascular System -- 10. Skeletal Muscle System -- 11. Urinary System -- 12. Immune System -- 13. Hematopoietic System -- 14. Respiratory System -- 15. Digestive System -- 16. Exocrine Pancreas -- 17. Male Reproductive System -- 18. Female Reproductive System -- 19. The Mammary Gland -- 20. Endocrine System -- 21. Nervous System -- 22. Special Senses -- 23. Bone and Joints -- 24. The Integumentary System -- 25. Embryo, Fetus, and Placenta -- Index. 330 $aFundamentals of Toxicologic Pathology, Third Edition, presents an essential overview of systems toxicologic pathology in a clear-and-concise manner. Toxicologic pathology integrates toxicology and its interdisciplinary components, including biochemistry, pharmacodynamics and risk assessment to pathology and its related disciplines, such as physiology, microbiology, immunology and molecular biology. This wholly revised and updated edition presents the newest information on the topic, and is an essential reference for advanced students, early career researchers, toxicologic pathologists, pharmaceutical scientists, medical pathologists and clinicians, and anyone involved with drug and device development.The book includes a new section describing the application of toxicologic pathology, such as diagnostic and forensic toxicologic pathology, environmental toxicologic pathology, experimental and industrial toxicologic pathology, and pathology issues in the design of toxicology studies. There are also new chapters on special senses (the eye and ear) and the biochemical and molecular basis of toxicity, among others.- Presents revised and updated information for each chapter on systems- Contains expanded sections on applied toxicologic pathology- Includes the essential information necessary to understand toxicologic pathology in an accessible language 606 $aToxicology$xmethods 606 $aPoisoning$xpathology 606 $aPoisoning$xphysiopathology 615 12$aToxicology$xmethods. 615 22$aPoisoning$xpathology. 615 22$aPoisoning$xphysiopathology. 676 $a615.9 700 $aWallig$b Matthew A$01739563 701 $aBolon$b Brad$0970645 701 $aHaschek$b Wanda M$01739564 701 $aRousseaux$b Colin G$01739565 801 0$bMiAaPQ 801 1$bMiAaPQ 801 2$bMiAaPQ 906 $aBOOK 912 $a9910583356903321 996 $aFundamentals of Toxicologic Pathology$94163612 997 $aUNINA